Dopasuj Top 4 Premier League do sezonu - Statystyki

Ogólne statystyki
  • Ten quiz został rozwiązany 68 razy
  • Średni wynik to 10 z 28
Statystyki odpowiedzi
Zagadnienie Odpowiedź % Poprawnych
Manchester United, Chelsea, Arsenal, Liverpool 2007/08
100%
Leicester City, Arsenal, Tottenham, Manchester City 2015/16
100%
Manchester City, Liverpool, Chelsea, Tottenham Hotspur 2018/19
100%
Manchester United, Arsenal, Chelsea, Leeds United 1998/99
50%
Manchester United, Arsenal, Newcastle United, Chelsea 2002/03
50%
Arsenal, Chelsea, Manchester United, Liverpool 2003/04
50%
Chelsea, Arsenal, Manchester United, Everton 2004/05
50%
Chelsea, Manchester United, Liverpool, Arsenal 2005/06
50%
Manchester United, Liverpool, Chelsea, Arsenal 2008/09
50%
Chelsea, Manchester United, Arsenal, Tottenham Hotspur 2009/10
50%
Manchester City, Manchester United, Arsenal, Tottenham Hotspur 2011/12
50%
Manchester United, Manchester City, Chelsea, Arsenal 2012/13
50%
Manchester City, Liverpool, Chelsea, Arsenal 2013/14
50%
Chelsea, Manchester City, Arsenal, Manchester United 2014/15
50%
Chelsea, Tottenham Hotspur, Manchester City, Liverpool 2016/17
50%
Liverpool, Manchester City, Manchester United, Chelsea 2019/20
50%
Manchester United, Aston Villa, Norwich City, Blackburn Rovers 1992/93
0%
Manchester United, Blackburn Rovers, Newcastle United, Arsenal 1993/94
0%
Blackburn Rovers, Manchester United, Nottingham Forest, Liverpool 1994/95
0%
Manchester United, Newcastle United, Liverpool, Chelsea 1995/96
0%
Manchester United, Newcastle United, Arsenal, Liverpool 1996/97
0%
Arsenal, Manchester United, Liverpool, Chelsea 1997/98
0%
Manchester United, Arsenal, Leeds United, Liverpool 1999/2000
0%
Manchester United, Arsenal, Chelsea, Liverpool 2000/01
0%
Arsenal, Liverpool, Manchester United, Newcastle United 2001/02
0%
Manchester United, Chelsea, Liverpool, Arsenal 2006/07
0%
Manchester United, Chelsea, Manchester City, Arsenal 2010/11
0%
Manchester City, Manchester United, Tottenham Hotspur, Liverpool 2017/18
0%
Nie znaleziono quizów pasujących do podanych kryteriów
Rozkład punktacji
Procent ludzi z każdym wynikiem
Percentyl według liczby udzielonych odpowiedzi
Twoja historia wyników
Nie rozwiązałeś tego quizu